[Event "IND-ch U09 37th"]
[Site "Pune"]
[Date "2025.01.01"]
[Round "10"]
[White "Sragvidha, S."]
[Black "Swain, Sattwik"]
[Result "1/2-1/2"]
[WhiteElo "1703"]
[BlackElo "1883"]
[PlyCount "62"]
[EventDate "2024.12.27"]
[EventType "swiss"]
[EventRounds "11"]
[EventCountry "IND"]
[SourceTitle "CB02_2025"]
[SourceDate "2025.01.08"]
[SourceVersion "1"]
[SourceVersionDate "2025.01.08"]
[SourceQuality "1"]

1. d4 d5 2. c4 e6 3. Nf3 c6 4. e3 f5 5. Nc3 Bd6 6. Be2 Nh6 7. Qc2 0-0 8. 0-0 Nd7 9. b3 b6 10. Bb2 Bb7 11. cxd5 exd5 12. Nd1 Qf6 13. g3 Rae8 14. Ne1 Qe7 15. Nd3 Ng4 16. h3 Ngf6 17. f4 Ne4 18. Kh2 Ndf6 19. Ne5 c5 20. Bd3 g6 21. Bxe4 dxe4 22. Nf2 Ba6 23. Rfe1 cxd4 24. Nc6 Qf7 25. Nxd4 Rc8 26. Qd2 Qe7 27. a3 Rfd8 28. h4 Bc4 29. Rec1 b5 30. Qc3 Kf7 31. Qe1 h5 1/2-1/2

[Event "IND-ch U09 37th"]
[Site "Pune"]
[Date "2024.12.30"]
[Round "7"]
[White "Swain, Sattwik"]
[Black "Ayaanraj, Kottapally"]
[Result "1-0"]
[WhiteElo "1883"]
[BlackElo "1561"]
[PlyCount "81"]
[EventDate "2024.12.27"]
[EventType "swiss"]
[EventRounds "11"]
[EventCountry "IND"]
[SourceTitle "CB02_2025"]
[SourceDate "2025.01.08"]
[SourceVersion "1"]
[SourceVersionDate "2025.01.08"]
[SourceQuality "1"]

1. e4 c5 2. Nf3 d6 3. d4 cxd4 4. Nxd4 Nf6 5. Nc3 g6 6. Be3 Bg7 7. f3 0-0 8. Qd2 Nc6 9. 0-0-0 d5 10. exd5 Nxd5 11. Nxc6 bxc6 12. Bd4 Bxd4 13. Qxd4 Qc7 14. h4 Nxc3 15. Qxc3 h5 16. Bc4 Qg3 17. Rde1 Bf5 18. Rxe7 Qxg2 19. Rd1 Qg3 20. Qb3 Qf4+ 21. Kb1 Bh3 22. Rg1 Qf6 23. Qb7 Rae8 24. Bxf7+ Rxf7 25. Rxe8+ Kh7 26. Qb3 Bd7 27. Re2 c5 28. Rge1 a5 29. Qxf7+ Qxf7 30. Re7 Be8 31. Rxf7+ Bxf7 32. Re5 c4 33. Rxa5 Kg7 34. Rc5 Kh6 35. a4 g5 36. Rxg5 Be6 37. Rc5 Bf7 38. a5 Bg8 39. a6 Bf7 40. a7 c3 41. a8Q 1-0

[Event "Bhubaneswar op-A 15th"]
[Site "Bhubaneswar"]
[Date "2024.12.03"]
[Round "2"]
[White "Swain, Sattwik"]
[Black "Ratnakaran, Kantoli"]
[Result "0-1"]
[WhiteElo "1883"]
[BlackElo "2265"]
[PlyCount "88"]
[EventDate "2024.12.02"]
[EventType "swiss"]
[EventRounds "10"]
[EventCountry "IND"]
[SourceTitle "CB50_2024"]
[SourceDate "2024.11.01"]
[SourceVersion "1"]
[SourceVersionDate "2024.11.01"]
[SourceQuality "2"]

1. e4 e6 2. d4 b6 3. Nf3 Bb7 4. Bd3 d6 5. 0-0 Nd7 6. Re1 Be7 7. Nbd2 a6 8. a4 g5 9. Nc4 g4 10. Nfd2 h5 11. Ne3 Bg5 12. Ndc4 Ne7 13. b3 Ng6 14. Ba3 Be7 15. c3 Nf4 16. Bc2 Nf8 17. d5 e5 18. Nf5 Rg8 19. Nxe5 Bf6 20. Nc4 Bxc3 21. Re3 Bxa1 22. Qxa1 Qg5 23. Qd4 0-0-0 24. b4 Nd7 25. Kf1 Kb8 26. Bc1 Ne5 27. Nxe5 dxe5 28. Qc3 Qf6 29. Bb2 Rge8 30. g3 Nh3 31. Qc4 Ng5 32. Rc3 Rd7 33. a5 Nf3 34. Bc1 h4 35. Be3 hxg3 36. hxg3 Rh8 37. Ke2 Rh1 38. axb6 Re1+ 39. Kd3 c6 40. Qc5 cxd5 41. Qf8+ Rd8 42. Qe7 dxe4+ 43. Kc4 Bd5+ 44. Kc5 Qc6# 0-1

[Event "Wch U08"]
[Site "Montesilvano"]
[Date "2024.11.25"]
[Round "10"]
[White "Morozevich, Kirill Aleks"]
[Black "Swain, Sattwik"]
[Result "0-1"]
[WhiteElo "1484"]
[BlackElo "1787"]
[PlyCount "202"]
[EventDate "2024.11.15"]
[EventType "swiss"]
[EventRounds "11"]
[EventCountry "ITA"]
[SourceTitle "CB48_2024"]
[SourceDate "2024.11.28"]
[SourceVersion "1"]
[SourceVersionDate "2024.11.28"]
[SourceQuality "1"]

1. d4 Nf6 2. c4 e6 3. Nf3 d5 4. Nc3 Be7 5. Bf4 0-0 6. e3 b6 7. cxd5 exd5 8. Be2 Bb7 9. 0-0 c5 10. h3 Nc6 11. Rc1 Rc8 12. a3 a6 13. Bd3 c4 14. Bf5 Ra8 15. e4 dxe4 16. Nxe4 Qd5 17. Ng3 Rad8 18. Bc7 Rde8 19. Bxb6 Bd6 20. Qc2 g6 21. Qd2 Bxg3 22. fxg3 Qxf5 23. Ng5 Ne4 24. Nxe4 Qxe4 25. Bc5 Qd5 26. Bxf8 Rxf8 27. Rf4 Re8 28. Rcf1 Re7 29. R1f2 a5 30. Rh4 Re4 31. Rxe4 Qxe4 32. d5 Ne5 33. Re2 Qd3 34. d6 f6 35. Rf2 Qxd2 36. Rxd2 Bc6 37. Kf2 Kf7 38. d7 Bxd7 39. Rd5 a4 40. Ke3 Ke6 41. Ra5 Kd6 42. Ra6+ Bc6 43. Kd4 h5 44. h4 Kc7 45. Ra7+ Kb6 46. Re7 Kb5 47. Re6 Nd7 48. Rd6 Kb6 49. Kxc4 Kc7 50. Rd2 f5 51. Kd4 Nf6 52. Ke5 Ne4 53. Rd3 Bb5 54. Re3 Bc4 55. Re1 Kc6 56. Kd4 Bf7 57. Ke5 Kd7 58. Re3 Ke7 59. Kf4 Kf6 60. Rd3 Nc5 61. Rd6+ Be6 62. Rd8 Ke7 63. Rd2 Bb3 64. Re2+ Kf6 65. Rd2 Ne6+ 66. Ke3 Ke5 67. Rd7 f4+ 68. gxf4+ Nxf4 69. g3 Nd5+ 70. Kd3 Kf5 71. Rd6 Nf6 72. Rb6 Nd5 73. Rd6 Ne7 74. Ke3 Kg4 75. Kf2 Kf5 76. Kf3 Nc6 77. Kf2 Ne5 78. Rd2 Nc4 79. Re2 Bd1 80. Re1 Nxb2 81. Ke3 Bb3 82. Kd4 Nc4 83. Rf1+ Kg4 84. Rg1 Nxa3 85. Kc3 Nb5+ 86. Kb4 Nd4 87. Rg2 Nf5 88. Ka3 Nxg3 89. Rh2 Ne4 90. Rg2+ Kf5 91. Kb4 Nd6 92. Rg5+ Kf6 93. Rg1 Nf5 94. Rh1 Ke5 95. Re1+ Kf4 96. Rf1+ Ke3 97. Rh1 Kf2 98. Rh2+ Kg3 99. Rh1 Nxh4 100. Rg1+ Ng2 101. Rxg2+ Kxg2 0-1

[Event "Wch U08"]
[Site "Montesilvano"]
[Date "2024.11.22"]
[Round "7"]
[White "Swain, Sattwik"]
[Black "Li, Aiden Linyuan"]
[Result "1/2-1/2"]
[WhiteElo "1787"]
[BlackElo "1877"]
[PlyCount "78"]
[EventDate "2024.11.15"]
[EventType "swiss"]
[EventRounds "11"]
[EventCountry "ITA"]
[SourceTitle "CB48_2024"]
[SourceDate "2024.11.28"]
[SourceVersion "1"]
[SourceVersionDate "2024.11.28"]
[SourceQuality "1"]

1. e4 c6 2. d4 d5 3. Nc3 dxe4 4. Nxe4 Nf6 5. Nxf6+ exf6 6. c3 Bd6 7. Bd3 0-0 8. Qc2 Re8+ 9. Ne2 h5 10. Be3 Nd7 11. 0-0-0 Nf8 12. c4 Be6 13. Nc3 Rc8 14. Kb1 a6 15. c5 Bc7 16. Rhe1 Qd7 17. f3 g6 18. Ne4 Nh7 19. Nd2 Bd5 20. Nc4 Re6 21. Bf2 Rce8 22. Rxe6 Rxe6 23. Bg3 f5 24. Bxc7 Qxc7 25. Nd6 Nf6 26. Qd2 Ne8 27. Nxe8 Rxe8 28. h3 Qe7 29. Qf4 Qe3 30. Qxe3 Rxe3 31. Kc2 Kg7 32. a3 Kf6 33. Kd2 Re6 34. Re1 Kg5 35. Rxe6 fxe6 36. Ke3 Kf6 37. f4 Bxg2 38. h4 Bd5 39. b4 Ke7 1/2-1/2

[Event "Wch U08"]
[Site "Montesilvano"]
[Date "2024.11.17"]
[Round "3"]
[White "Swain, Sattwik"]
[Black "Czachurski, Ignacy"]
[Result "1-0"]
[WhiteElo "1787"]
[BlackElo "1672"]
[PlyCount "87"]
[EventDate "2024.11.15"]
[EventType "swiss"]
[EventRounds "11"]
[EventCountry "ITA"]
[SourceTitle "CB48_2024"]
[SourceDate "2024.11.28"]
[SourceVersion "1"]
[SourceVersionDate "2024.11.28"]
[SourceQuality "1"]

1. e4 c5 2. Nf3 e6 3. d4 cxd4 4. Nxd4 Nf6 5. Nc3 Nc6 6. Ndb5 Bc5 7. Nd6+ Ke7 8. Nxc8+ Rxc8 9. Bd3 Re8 10. 0-0 Kf8 11. Bf4 Bd4 12. Nb5 e5 13. Nxd4 Nxd4 14. Be3 Ne6 15. Qd2 b6 16. Rad1 d5 17. exd5 Qxd5 18. Qb4+ Re7 19. Ba6 Qc6 20. Bxc8 Qxc8 21. Rd2 Ke8 22. Rfd1 g5 23. Qb5+ Nd7 24. Rd6 h5 25. Qd3 Kd8 26. Qf5 Kc7 27. Bxg5 Nxg5 28. Qxg5 f6 29. Qf5 Rg7 30. Qe6 Qd8 31. Qc4+ Kb8 32. Qd5 Qc8 33. Rxd7 Rxd7 34. Qxd7 Qxc2 35. Qd2 Qg6 36. Rc1 Kb7 37. Qd7+ Ka6 38. Qa4+ Kb7 39. Qc6+ Ka6 40. a4 Qd3 41. b4 Qd8 42. Ra1 Qd1+ 43. Rxd1 e4 44. Qc8# 1-0

[Event "IND-ch U11 37th"]
[Site "Hyderabad"]
[Date "2024.10.08"]
[Round "9"]
[White "Divith, Reddy Adulla"]
[Black "Swain, Sattwik"]
[Result "1/2-1/2"]
[WhiteElo "1825"]
[BlackElo "1718"]
[PlyCount "110"]
[EventDate "2024.10.04"]
[EventType "swiss"]
[EventRounds "11"]
[EventCountry "IND"]
[SourceTitle "CB47_2024"]
[SourceDate "2024.11.20"]
[SourceVersion "1"]
[SourceVersionDate "2024.11.20"]
[SourceQuality "1"]

1. e4 e5 2. Nf3 Nc6 3. d4 exd4 4. Bc4 Bc5 5. c3 Nf6 6. e5 d5 7. Bb5 Ne4 8. cxd4 Bb6 9. h3 0-0 10. 0-0 f6 11. Nc3 f5 12. Ne2 Be6 13. Nf4 Qe7 14. Bxc6 bxc6 15. a4 a5 16. Be3 Bd7 17. Rc1 g5 18. Nh5 f4 19. Nd2 Kh8 20. Nxe4 dxe4 21. Nf6 fxe3 22. fxe3 Rad8 23. Nxe4 Rxf1+ 24. Qxf1 Rf8 25. Nf6 c5 26. dxc5 Bxc5 27. Rxc5 Qxc5 28. Qd3 Rf7 29. Nxd7 Qe7 30. Nf6 Qxe5 31. Qd8+ Kg7 32. Ng4 Qf5 33. Qd4+ Kf8 34. Qh8+ Ke7 35. Nh6 Qb1+ 36. Kh2 Rf1 37. Qe5+ Kd7 38. Qd5+ Kc8 39. Qg8+ Kb7 40. Qd5+ Kc8 41. Qe6+ Kb8 42. Qg8+ Ka7 43. Qxg5 Qe1 44. Qc5+ Kb8 45. Qb5+ Kc8 46. Qe8+ Kb7 47. Qb5+ Kc8 48. Qe8+ Kb7 49. Qb5+ Kc8 50. Qe8+ Kb7 51. Qb5+ Kc8 52. Qe8+ Kb7 53. Qb5+ Kc8 54. Qe8+ Kb7 55. Qb5+ Kc8 1/2-1/2

[Event "GEO World Cup Final U08"]
[Site "Batumi"]
[Date "2024.07.01"]
[Round "1"]
[White "Khuduzade, Azad"]
[Black "Swain, Sattwik"]
[Result "0-1"]
[WhiteElo "1461"]
[BlackElo "1566"]
[PlyCount "96"]
[EventDate "2024.07.01"]
[EventType "match"]
[EventRounds "5"]
[EventCountry "GEO"]
[SourceTitle "EXT 2025"]
[Source "ChessBase"]
[SourceDate "2024.10.14"]
[SourceVersion "1"]
[SourceVersionDate "2024.10.14"]
[SourceQuality "1"]

1. d4 d5 2. c4 e6 3. Nf3 Nf6 4. g3 Be7 5. Bg2 0-0 6. 0-0 c6 7. Qc2 b6 8. Bf4 Ba6 9. Nbd2 Nbd7 10. Rac1 Bb7 11. e4 c5 12. e5 Ne4 13. Nxe4 dxe4 14. Nd2 cxd4 15. Nxe4 Qc7 16. Qd2 Rfd8 17. Qxd4 Nc5 18. Qe3 Nd3 19. Rc2 Rac8 20. Nd2 Nb4 21. Rcc1 Rd3 22. Qe2 Rcd8 23. Be4 Rxd2 24. Bxd2 Rxd2 25. Qxd2 Bxe4 26. f3 Bb7 27. a3 Nc6 28. b4 Nxe5 29. Rc3 Bf6 30. Qc2 Nc6 31. Rd3 Nd4 32. Qd2 e5 33. Rc3 Qd7 34. Qf2 Qe6 35. c5 e4 36. f4 Nf3+ 37. Rxf3 exf3 38. cxb6 axb6 39. Kh1 Bd4 40. Rd1 Bf6 41. Kg1 g6 42. Rd2 Kg7 43. Rc2 Qe4 44. Rd2 Ba6 45. Rd1 Be2 46. Re1 Bd4 47. Rxe2 fxe2 48. f5 e1Q# 0-1

[Event "GEO World Cup-A U08"]
[Site "Batumi"]
[Date "2024.06.27"]
[Round "5"]
[White "Swain, Sattwik"]
[Black "Baranov, Prokhor"]
[Result "1-0"]
[WhiteElo "1567"]
[BlackElo "1509"]
[PlyCount "47"]
[EventDate "2024.06.23"]
[EventType "swiss"]
[EventRounds "7"]
[EventCountry "GEO"]
[SourceTitle "EXT 2025"]
[Source "ChessBase"]
[SourceDate "2024.10.14"]
[SourceVersion "1"]
[SourceVersionDate "2024.10.14"]
[SourceQuality "1"]

1. e4 c6 2. d4 d5 3. Nc3 dxe4 4. Nxe4 Bf5 5. Ng3 Bg6 6. Nf3 Nd7 7. Bd3 Bxd3 8. Qxd3 e6 9. 0-0 Ngf6 10. c4 Nb6 11. Bf4 Be7 12. Rfe1 0-0 13. Qc2 Re8 14. Rad1 Nc8 15. Ne5 Nd6 16. a4 a5 17. Qb3 Qc8 18. c5 Nf5 19. Nxf5 exf5 20. Qxf7+ Kh8 21. Nc4 Nd5 22. Bd6 Bxd6 23. Nxd6 Rxe1+ 24. Rxe1 1-0

[Event "GEO World Cup-A U08"]
[Site "Batumi"]
[Date "2024.06.25"]
[Round "3"]
[White "Divith, Reddy Adulla"]
[Black "Swain, Sattwik"]
[Result "0-1"]
[WhiteElo "1722"]
[BlackElo "1567"]
[PlyCount "78"]
[EventDate "2024.06.23"]
[EventType "swiss"]
[EventRounds "7"]
[EventCountry "GEO"]
[SourceTitle "EXT 2025"]
[Source "ChessBase"]
[SourceDate "2024.10.14"]
[SourceVersion "1"]
[SourceVersionDate "2024.10.14"]
[SourceQuality "1"]

1. e4 e5 2. Nf3 Nc6 3. d4 exd4 4. Bc4 Bc5 5. c3 Nf6 6. e5 d5 7. Bb5 Ne4 8. cxd4 Bb6 9. 0-0 0-0 10. h3 f6 11. Bxc6 bxc6 12. Be3 Ba6 13. Re1 f5 14. Qc1 Qd7 15. Bd2 Bb7 16. Bb4 Rfe8 17. Nc3 a5 18. Ba3 c5 19. dxc5 Nxc5 20. Qd2 Ne6 21. Qd3 Nf4 22. Qd2 Ne6 23. Red1 d4 24. Ne1 Qc6 25. Ne2 a4 26. Nf3 Rad8 27. Rac1 Qd5 28. Ng3 g6 29. Qh6 c5 30. h4 Rd7 31. Nf1 Qc6 32. N1d2 d3 33. h5 Nd4 34. Rc4 Rxe5 35. Qg5 Ne2+ 36. Kh1 Re6 37. Rh4 Bd8 38. Qh6 g5 39. Ne5 Qxg2# 0-1